Planeamiento y control financiero
محفوظ في:
| المؤلف الرئيسي: | |
|---|---|
| التنسيق: | كتاب |
| اللغة: | الإسبانية |
| منشور في: |
Buenos Aires
El Ateneo
1973
|
| سلاسل: | Biblioteca de Ciencias Económicas. Serie de Sistemas de Control Gerencial
|
| الموضوعات: | |
| الوسوم: |
إضافة وسم
لا توجد وسوم, كن أول من يضع وسما على هذه التسجيلة!
|
MARC
| LEADER | 00000nam a2200000 a 4500 | ||
|---|---|---|---|
| 001 | UCR8653 | ||
| 003 | CL-VaPUC | ||
| 008 | 980529e19730000AG |||||||||||||||||spa|d | ||
| 082 | 0 | 4 | |a 658.15 |b WAL |2 21 |
| 100 | 0 | |a Walker, Ernest W |e author |9 410657 | |
| 245 | 1 | 0 | |a Planeamiento y control financiero |
| 300 | |a 229 p | ||
| 942 | |c BK | ||
| 945 | |d 19980529 00:00:00 |a crobeson | ||
| 260 | |a Buenos Aires |b El Ateneo |c 1973 | ||
| 650 | 0 | |a Administración financiera |9 261146 | |
| 650 | 7 | |a CONTROL FINANCIERO |2 CL-VaPUC |9 336644 | |
| 650 | 0 | |a Planificación financiera |9 334413 | |
| 583 | |a last modification |c 19980529 00:00:00 |k Rodrigo Vera | ||
| 490 | 0 | |a Biblioteca de Ciencias Económicas. Serie de Sistemas de Control Gerencial | |
| 999 | |c 270049 |d 270047 | ||
| 952 | |0 0 |1 0 |4 0 |6 658_150000000000000_WAL_1973 |7 0 |8 A |9 304164 |a BIBGIM |b BIBGIM |d 2019-11-20 |i 1403923 |o 658.15 WAL 1973 |p 1403923 |r 2025-01-15 |w 2019-11-20 |y BK |k COM | ||